000 00691cam a2200229 a 4500
001 000007944
005 20200929154348.0
008 920713s1992 sp 000 f spa
010 _a92184885
020 _a847954046X
040 _aDO-SdBNP
_cDLC
_dDLC
082 _a863.64
_bG166e
100 1 _aGallego, Gregorio,
_d1916-
_921747
245 1 0 _aEncrucijada de caminos /
_cGregorio Gallego.
260 _aMadrid :
_bLibertarias ;
_bProdhufi,
_c1992.
300 _a248 p. ;
_c21 cm.
490 1 _aTres de cuatro soles
_v19
650 4 _aNovela española
_91123
650 4 _aLiteratura española
_9632
830 0 _aTres de cuatro soles ;
_v19
_921748
910 _aCatalogación por copia / LC
999 _c7722
_d7722